צבעי כומתות בצה״ל - Statistics

General Stats
  • This quiz has been taken 53 times
  • The average score is 13 of 17
Answer Stats
Picture Hint Answer % Correct
מנומר חטיבת כפיר
92%
אדום חטיבת הצנחנים, חטיבת הקומנדו וסיירת מטכ"ל
89%
חום חטיבת גולני
84%
זית טירונות וחיל כללי
84%
כתום פיקוד העורף
84%
טורקיז חיל התותחנים
84%
ירוק בהיר חטיבת הנח"ל
84%
כחול חיל המשטרה הצבאית
81%
כחול כהה זרוע הים
81%
סגול חטיבת גבעתי
81%
אפור בהיר חיל ההנדסה הקרבית
76%
שחור חיל השריון
76%
ירוק כהה אגף המודיעין ומשמר הגבול
73%
אפור כהה זרוע האויר והחלל
70%
צהוב בהיר חיל האיסוף הקרבי
65%
טורקיז כהה אגף התקשוב וההגנה בסייבר
62%
צהוב מנומר גדודי חי"ר גבולות
54%
No matching quizzes found
Score Distribution
Percent of People with Each Score
Percentile by Number Answered
Your Score History
You have not taken this quiz